| 000 | 00563nam a2200193Ia 4500 | ||
|---|---|---|---|
| 005 | 20250508161636.0 | ||
| 008 | 008 250505s9999 xx 000 0 eng d | ||
| 037 | _aTextual | ||
| 040 |
_aFEDL _beng _cFEDL |
||
| 041 |
_aeng _2eng |
||
| 084 |
_a621.9, KRA _qFEDL |
||
| 100 |
_aKran S F _9771153 |
||
| 245 | 0 | _aTechnology of machine tools | |
| 260 |
_aToronto, Canada _bMcGraw-Hill Company of Canada Limited _c1969 |
||
| 300 | _axi,528p | ||
| 700 |
_a Oswald J W St. Amand J E _9771154 |
||
| 942 |
_cTEXL _h621.9, KRA |
||
| 999 |
_c1371291 _d1371291 |
||